RAF Planes - Statistics

General Stats
  • This quiz has been taken 2,939 times
    2,934 since last reset
  • The average score is 6 of 8
Answer Stats
Hint Answer % Correct
Supermarine Spitfire
93%
Eurofighter Typhoon
85%
Hawker Hurricane
82%
Sopwith Camel
74%
Avro Lancaster
74%
Panavia Tornado
65%
English Electric Lightning
61%
Avro Vulcan
55%
No matching quizzes found
Score Distribution
Percent of People with Each Score
Percentile by Number Answered
Your Score History
You have not taken this quiz since the last reset